000 00448nam a2200181Ia 4500
001 14086
005 20260306164848.0
008 260306t2001||||xx |||||||||||||| ||spa||
041 _aESP
082 _a006.33
_bG42
100 _aGiarratano, Joseph
_eAUT
245 0 _aSistemas expertos:
_bprincipios y programación
260 _c2001
300 _axii, 596 pƔginas :
_c25 cm.
650 _aGEN
654 _aCCC
942 _cLIB
_dJUS
_fJUS
_2ddc
_n
999 _c14086
_d14086